000 00466nam a2200181Ia 4500
001 64297
008 210118n1923 ii |||gr||||Z||||||465
082 _a500
100 _aRay, Jagadananda,
_eAuthor.,
245 0 _aPrakritiki,
_cBy Jagadananda Ray
_hTextual Documents
250 _a2nd ed.
260 _aAllahabad
_bIndian Press Ltd
_c1923
300 _a303pg:
_c19cm.
500 _a122/Ref/Ass
653 _aAssamese
653 _aRef- Assamese
942 _2ddc
_cBK
999 _c65397
_d65397